MDQL
is popping MORE tags! Check the
thread
!
Quizzes
Events
Quiz Creation
Community
Videos
Private Events
Remove Ads
Sign In
Join for FREE
Feedback
Dark Mode
Quiz Categories
Sports
Geography
Music
Movies
Television
Just For Fun
Miscellaneous
History
Literature
Language
Science
Gaming
Entertainment
Religion
Holiday
For Kids
Quiz Lab
Recent
Popular Today
Quiz Kudos Today
Editor Picks
Curator Picks
Quizzes by...
Day
Popularity
Type
Ratings
Length
Year
Community
Subscriptions
Recent Discussions
Orange Saloon
Badges
Playlists
Quests
Create
Leaderboards
Showdown
Live 5
Trivia Bingo
Activity
Puzzle Library
Sporcle Events
Private Events
Virtual Trivia
Globe League
Become a Host
Pub Owners
SporcleCon
Opinionation
Our Games
Videos
Blog
Mobile Apps
Partnerships
Remove Ads and Go Orange
Feedback
Holiday
Halloween
Christmas
Holiday Songs
April Fools'
Thanksgiving
Valentine's Day
Easter
St Patrick's Day
National Holiday
Religious Holiday
Holiday
Halloween
Christmas
Holiday Songs
April Fools'
Thanksgiving
Valentine's Day
Easter
St Patrick's Day
National Holiday
Religious Holiday
Random Quiz
Search Sporcle
×
Quiz Lab
Quiz Lab
Holiday
Christmas
Type in answers that appear in a list
Type in answers that appear in a list
Classic
Best Score? Go Orange.
Traditional Christmas/Seasonal Imagery Stats
Can you name the Christmas or seasonal symbol?
By
S1001
5m
16 Questions
848 Plays
848 Plays
848 Plays
Comments
Comments
Give Quiz Kudos
Give Quiz Kudos
-
- Ratings
hide this ad
Replay
Link that replays current quiz
Next Quiz
Link to next quiz in quiz playlist
You Got
0%
They Got
Avg Score
57%
Avg Friend Score
Upgrade to see
Score Distribution
Jump to the score distribution portion of the page
Score
0/16
Timer
05:00
0
Plays Today
Ho Ho Ho!
% Correct
Santa
92.5%
Christmas Tree
91.9%
Snowflake
79.1%
Reindeer
72.8%
Gift
70.9%
Christmas lights
57.9%
Star
57%
Sleigh
55.4%
Ho Ho Ho!
% Correct
Angel
53.3%
Snowman
52.5%
Wreath
52.4%
Elf
51.2%
Stocking
47.5%
Holly
47.1%
Mrs. Claus
21.2%
North Pole
16.2%
Quiz Playlist
Details
Report
Send in Message
Add To Playlist
Classic:
Type in answers that appear in a list
Last Updated: Feb 16, 2017
Quiz Scoreboard
CHALLENGE
Sign Up to Join the Scoreboard
Show All
Scores
Hide
Comments
May contain spoilers
Recently Published
Two Season TV Shows II
by 123Four
Television
10m
Image Sorting: Flags VI
by Barbecue
Geography
2m
Find the 'City' Movie
by crazypaving
Movies
60s
More to Explore
Quiz From the Vault
Featured Blog Post
14 Easter Pick-up Lines to Find Eggs With
hide this ad
You Might Also Like...
Tags
Christmas Quiz
Religious Holiday Quiz
Image Quiz
seasonal
Symbol
traditional
Today's Top Quizzes in Holiday
Browse Holiday
hide this ad
Today's Top Quizzes in Christmas
Browse Christmas
Top Contributed Quizzes in Holiday
1
Pick the Easter Eggs hidden in the Garden
2
Picture Click Blitz: Easter
3
5-to-1: Holiday Songs
4
April Fools' Zebra Puzzle
5
5-to-1: Thanksgiving
6
Easter Teddy Bears
7
Draw a Badge: Hey, It's Leap Day
8
Easter - Did You Know?
9
New Year’s Party Puzzle
10
Click the Cartoon Easter Bunny
Explore More
Trending Topics
Anime
Harry Potter
NBA
Disney
Kpop
Marvel
Crossword
Song
NFL
The Office
Country
Soccer
Pokémon
WWE
Puzzle
hide this ad
More By:
S1001
Quiz
Plays
Rating
Category
Featured
Created
Traditional Christmas/Seasonal Imagery
848
2.29
Holiday
Dec 4, 2009
US to Metric conversion
161
Science
Nov 14, 2009
Metric to US conversion
123
2.00
Science
Nov 15, 2009
MS Word 2007 Keyboard shortcuts
87
Science
Nov 16, 2009
MS Word 2007 Keyboard shortcuts 2
73
Science
Nov 16, 2009
Go to Creator's Profile
Score Distribution
Quiz Creator Spotlight
S1001
Follow
Send a Message
Quizzes Created
-
Created Quiz Play Count
-
More By This Creator
Popular Quizzes Today
1
Find the US States - No Outlines Minefield
2
Colored Red Africa Blitz
3
Find the 'City' Movie
4
5x2 Blitz: Bands
5
The Countries of the World
6
Find the Countries of Europe - No Outlines Minefield
7
Find the US States
8
US States
More Holiday Quizzes
Hanukkah Picture Click
Published
Trending Quizzes
Colored Red Europe Blitz I
Colored Red Africa Blitz II
Colored Red Europe Blitz II
Colored Red Africa Blitz III
Colored Red Europe Blitz III
Recently Updated
How Do You Spell That?
pecheneg
Godzilla Movies
pecheneg
Grab Bag: 4-10 Letters
pecheneg
2024 March Madness Bracket
pecheneg
Famous TV Couples
Peacemaker
Champions League XIs: Real Madrid
pecheneg
Largest US Cities 1790-2010
pecheneg
Rides in Walt Disney World
pecheneg
Most Oscar Losses (Acting)
pecheneg
Beyoncé Albums
pecheneg
Trending Topics
Harry Potter
NBA
Marvel
Kpop
Anime
Crossword
Disney
Puzzle
Song
Soccer
NFL
Country
Pokémon
WWE
The Office
Your Account Isn't Verified!
In order to create a playlist on Sporcle, you need to verify the email address you used during registration. Go to your
Sporcle Settings
to finish the process.
Report this User
Report this user for behavior that violates our
Community Guidelines
.
Details:
Send Report
Go to the Sporcle.com Mobile Site →
Comments